Slovo majú menšie formáty

Expanzia veľkoplošných formátov typu hypermarket sa na Slovensku končí. K slovu sa dostávajú supermarkety, tzv. kompakty a samozrejme diskonty. Vplyv siete Lidl, Tesco a Kaufland si pozície udržali. Vývoj podielov a obratu hypermarketov. Poloha diskontov Lidl podľa počtu obyvateľov miest.

Guardado en:
Detalles Bibliográficos
Autor principal: Hinková-Dibarborová, Andrea
Formato: Capítulo de libro
Lenguaje:eslovaco
Materias:
Etiquetas: Agregar Etiqueta
Sin Etiquetas, Sea el primero en etiquetar este registro!

MARC

LEADER 00000naa$a2200000$$$4500
001 0030330
005 20231107125730.3
041 0 |a slo 
044 |a SK 
245 1 0 |a Slovo majú menšie formáty  |c Andrea Hinková-Dibarborová 
520 |a Expanzia veľkoplošných formátov typu hypermarket sa na Slovensku končí. K slovu sa dostávajú supermarkety, tzv. kompakty a samozrejme diskonty. Vplyv siete Lidl, Tesco a Kaufland si pozície udržali. Vývoj podielov a obratu hypermarketov. Poloha diskontov Lidl podľa počtu obyvateľov miest. 
610 2 0 |a obchod 
610 2 0 |a hypermarkety 
610 2 0 |a supermarkety 
610 2 0 |a predajne diskontné 
610 2 0 |a spotrebitelia 
610 2 0 |a Slovensko 
100 1 |a Hinková-Dibarborová, Andrea